Statistics for Top 15 Countries with Covid-19 Deaths - 21 October

Click here to take the quiz!

General Stats

  • This quiz has been taken 15 times
  • The average score is 14 of 20

Answer Stats

country% Correct
Brazil
93%
India
93%
Mexico
93%
United States
93%
France
87%
Italy
87%
United Kingdom
87%
Argentina
80%
Russia
80%
Spain
80%
Belgium
60%
Chile
60%
Colombia
60%
Peru
60%
Iran
53%
Sweden
53%
Bolivia
47%
Ecuador
47%
South Africa
47%
Panama
40%

Score Distribution

Percentile by Number Answered

Percent of People with Each Score

Your Score History

You have not taken this quiz